| 000 | 00430nam a2200157Ia 4500 | ||
|---|---|---|---|
| 003 | LK-CoDNM | ||
| 008 | t1890 A.C. | ||
| 040 |
_aLK-CoDNM _dLK-CoDNM _eLK-CoDNM |
||
| 041 | _aSin | ||
| 245 | _aKavya Dipaniya and Sutasoma Jataka | ||
| 260 | _c1890 A.C. | ||
| 300 | _aPalm leaf , Foll 85 , 18 in. x 1 3/4 in . | ||
| 500 | _aCopied at Colombo Museum | ||
| 500 | _aSutasoma Jataka | ||
| 942 | _cPL | ||
| 999 |
_c79101 _d79101 |
||